| 000 | 01024nam a2200301 i 4500 | ||
|---|---|---|---|
| 003 | EG-GICUC | ||
| 005 | 20260423205511.0 | ||
| 008 | 260423s1975 rm ||||f |||| 00| 0 rum d | ||
| 040 |
_aEG-GiCUC _brum _cEG-GiCUC _dEG-GiCUC _eRda |
||
| 041 | _arum | ||
| 082 | 0 | 4 |
_221 _a343.80498 _bST . A |
| 092 | 0 | 4 | _221 |
| 099 | _aLaw110 343.80498 ST . A 1975 1011244 C1 | ||
| 100 | 1 |
_aStanoiu, Rodica Mihaela _eAuteur |
|
| 245 | 1 | 2 |
_aAsistenţa Juridică Internaţională În Materie Penala / _cRodica Mihaela Stanoiu. |
| 264 | 1 |
_aBucureşti : _bEditura Academiei Republicii Socialiste România, _c1975. |
|
| 300 |
_a201 pages ; _c24 cm. |
||
| 336 |
_2rda contenu _a texte |
||
| 337 |
_2rda medias _aOrdinateur |
||
| 338 |
_2 transporteur rda _a Ressource en ligne |
||
| 546 | _aTexte en français | ||
| 650 | 1 | 4 |
_aȘtiințe aliate _xDrept penal |
| 650 | 1 | 4 | _aDrept penal |
| 651 | 1 |
_aRomânia _xLegi și legislație |
|
| 856 | 4 | 0 | _uhttps://fll.law.cu.edu.eg/fulltext/bks/B10-11244.pdf |
| 905 | _a164 | ||
| 942 |
_2ddc _n0 _cBK _e21 |
||
| 999 |
_c73256 _d73256 |
||